00563nam a2200193Ia 4500008004100000020001400041082001200055100001600067245002300083250000700106260003800113300002800151500001900179600003300198650001200231942000700243952010400250999001500354240925s9999 xx 000 0 und d a719541913 a530 DUN aDuncan, Tom 0aSuccess in Physics aNA aLondon:bJohn Wiley Sonsc,1985. axxxv,462p.bNAfPirated aIncludes Index aHumanities & Natural Science aPhysics cBK 011040708HUMaUITUbUITUd2001-03-27eNAl0o530 DUNpQ3654r2024-09-25 07:13:13w2024-09-25yBK c6153d6153